000 00856nam a2200253Ia 4500
005 20210727153012.0
008 121119s2003 ck gr 000 0 spa
020 _a9583003727
041 0 _aspa
082 0 4 _a398.2
_bM37
245 0 0 _aMitos y leyendas colombianos
_cselección y adaptación, Fabio Silva ; ilustración, Eric Nieto Torres
250 _aPrimera edición, quinta reimpresión
264 1 _aBogotá
_bPanamericana
_c2003
300 _a112 páginas
_bilustraciones
336 _atexto
_btxt
_2rdacontent
337 _asin mediación
_bn
_2rdamedia
338 _avolumen
_bnc
_2rdacarrier
650 1 4 _2LEMB
_aLeyendas colombianas
650 1 4 _2LEMB
_aMitología colombiana
_xMitos y costumbres
700 1 _aNieto Torres, Eric
_eilustrador
700 1 _aSilva, Fabio
_ecompilador
942 _2ddc
_cBK
040 _aCO-BoRNBP
_bspa
_erda
_cCO-BoRNBP
999 _c694
_d694